Statistieken voor Landen met een letter - B

Klik hier om de quiz te nemen!

Algemene statistieken

  • Deze quiz is 75 keer genomen
  • De gemiddelde score is 31 van 44

Antwoordstatistieken

CategorieLand% Correct
1 x BBelgië
93%
1 x BBrazilië
93%
1 x BBulgarije
89%
1 x BBahrein
85%
1 x BBangladesh
85%
1 x BBenin
85%
1 x BBhutan
85%
1 x BBosnië en Herzegovina
85%
2 x BZimbabwe
85%
1 x BAlbanië
81%
2 x BBarbados
81%
1 x BBelize
81%
1 x BBolivia
81%
1 x BLibanon
81%
1 x BBotswana
78%
1 x BLibië
78%
1 x BBrunei
74%
1 x BBurundi
74%
1 x BCambodja
74%
1 x BZambia
74%
1 x BAzerbeidzjan
70%
1 x BBahama's
70%
1 x BBurkina Faso
70%
1 x BMozambique
70%
1 x BSaoedi-Arabië
70%
1 x BColombia
67%
1 x BNamibië
67%
1 x BOezbekistan
67%
1 x BDjibouti
63%
1 x BDemocratische Republiek Congo
59%
1 x BLiberia
59%
1 x BLuxemburg
59%
1 x BVerenigde Arabische Emiraten
59%
2 x BAntigua en Barbuda
56%
1 x BBelarus
56%
1 x BCentraal-Afrikaanse Republiek
56%
1 x BDominicaanse Republiek
56%
1 x BGabon
56%
1 x BGambia
56%
1 x BRepubliek Congo
56%
1 x BCuba
52%
1 x BGuinee-Bissau
52%
1 x BTrinidad en Tobago
52%
1 x BKiribati
48%

Scoreverdeling

Percentiel versus Aantal Correcte Antwoorden

Procent van Mensen met Elke Score

Uw Scoregeschiedenis

U heeft deze quiz nog niet genomen